Estadísticas para Mapa de la Tierra Media

Haz click aquí para intentar la prueba.

Estadísticas generales

  • Esta prueba ha sido intentada 653 veces
  • La puntuación promedio es 9 de 21

Respuestas en el mapa

Las respuestas están codificadas por una escala verde-roja en el mapa de la prueba según el % correcto abajo.
 

Estadísticas de respuestas

Respuesta% Correcto
Fronteras del Mordor
54%
Hobbiton
49%
Minas Tirith
49%
Montañas Nubladas
49%
Bree
48%
Monte del Destino
46%
Rivendel
46%
Montaña Solitaria
45%
Bosque Negro
44%
Puertos Grises
43%
Mar de Rhûn
42%
Abismo de Helm
41%
Bosque Viejo
40%
Isengard
40%
Fangorn
38%
Lothlórien
38%
Barad-dûr
37%
Edoras
36%
Cirith Ungol
30%
Esgaroth
29%
Emyn Muil
27%

Distribución de puntuación

Porcentaje por número respondido

Porcentaje de gente con cada puntuación

Historial de tus puntuaciones

No has intentado esta prueba.